Этногеографические исследования. Вып. 3: Некоторые проблемы развития хозяйства коренных народов Севера (Запись № 805475)

Подробности
000 -МАРКЕР
контрольное поле 01517nam2a2200301 4500
001 - ИДЕНТИФИКАТОР ЗАПИСИ
контрольное поле RU\NLR\bibl\143644
005 - ИДЕНТИФИКАТОР ВЕРСИИ
контрольное поле 20250618045427.0
021 ## - НОМЕР ГОСУДАРСТВЕННОЙ РЕГИСТРАЦИИ
Код страны российская федерация
Номер 98-1649
Номер Листа государственной регистраци 52
035 ## - ДРУГИЕ СИСТЕМНЫЕ НОМЕРА
Идентификатор записи (NLR Aleph) 000140722
100 ## - ДАННЫЕ ОБЩЕЙ ОБРАБОТКИ
Данные общей обработки 20010328d1996 |||y0rusy50 ca
101 0# - ЯЗЫК РЕСУРСА
Язык текста, звукозаписи и т.д. русский
-- английский
102 ## - СТРАНА ПУБЛИКАЦИИ ИЛИ ПРОИЗВОДСТВА
Страна публикации российская федерация
105 ## - ПОЛЕ КОДИРОВАННЫХ ДАННЫХ: ТЕКСТОВЫЕ МАТЕРИАЛЫ, МОНОГРАФИЧЕСКИЕ
Кодированные данные о монографическом текстовом документе y |||||||||
200 1# - ЗАГЛАВИЕ И СВЕДЕНИЯ ОБ ОТВЕТСТВЕННОСТИ
Основное заглавие Некоторые проблемы развития хозяйства коренных народов Севера
Параллельное заглавие Certain Problems of the Traditional Economy of the Northern Peoples
Сведения, относящиеся к заглавию Текст докл., прочит. на 2-м Междунар. семинаре по пробл. народов Севера, Принс-Джордж, Канада, май 1996 г.
Первые сведения об ответственности К.Б. Клоков
Язык параллельного заглавия английский
210 ## - ПУБЛИКАЦИЯ, РАСПРОСТРАНЕНИЕ И ДР.
Дата издания, распространения и т.д. 1996
Место издания, распространения и т.д. Б. м.
215 ## - ФИЗИЧЕСКАЯ ХАРАКТЕРИСТИКА
Специфическое обозначение материала и объем 24 с.
300 ## - ОБЩИЕ ПРИМЕЧАНИЯ
Текст примечания Авт. также на англ. яз.: K. Klokov
300 ## - ОБЩИЕ ПРИМЕЧАНИЯ
Текст примечания Часть текста на англ. яз.
461 #0 - УРОВЕНЬ НАБОРА
Встроенное поле 001RU\NLR\bibl\145535
-- 2001#$aЭтногеографические исследования$vВып. 3
Системный номер (АБИС) связанной записи 816635
Место публикации СПб.
Дата публикации 1996
Первые сведения об ответственности НИИ географии С.-Петерб. гос. ун-та
Имя издателя, распространителя и т.д. Б.и.
Заглавие Этногеографические исследования
Номер тома Вып. 3
510 1# - ПАРАЛЛЕЛЬНОЕ ЗАГЛАВИЕ
Связь между полями z11790
Параллельное заглавие Certain Problems of the Traditional Economy of the Northern Peoples
Язык заглавия английский
790 #1 - ИМЯ ЛИЦА - АЛЬТЕРНАТИВНАЯ ФОРМА
Связь между полями z11510
Начальный элемент ввода Klokov
Часть имени, кроме начального элемента ввода K.
Код отношения Автор
801 #0 - ИСТОЧНИК ЗАПИСИ
Страна российская федерация
Организация NLR
Дата составления 20010328
Правила каталогизации PSBO
801 #1 - ИСТОЧНИК ЗАПИСИ
Страна российская федерация
Организация NLR
Дата составления 20010328
852 ## - МЕСТОНАХОЖДЕНИЕ И ШИФР ХРАНЕНИЯ
Идентификатор организации NLR
Шифр хранения (Call Number) 2000-4/4837
942 ## - ДОПОЛНИТЕЛЬНЫЕ ЭЛЕМЕНТЫ ЗАПИСИ (АБИС)
Тип экземпляра АБИС Книга
980 ## - КОЛЛЕКЦИЯ
Название коллекции Национальная библиография
Экземпляры
Тип экземпляра Дата поступления Библиотека постоянного хранения Библиотека текущего хранения Место хранения Шифр хранения Штрих-код Статус не для выдачи
Книга 26.10.2013 РНБ (Московский) РНБ (Московский) Русский книжный фонд: издания с 1957 года, 8этаж 2000-4/4837 1-4226893